MARC

LEADER 00000nam0a2200000 4500
001 62578
005 20231101212019.0
035 |a (RuTPU)RU\TPU\book\66384 
090 |a 62578 
100 |a 20040414d1986 m y0rusy50 ca 
101 0 |a rus 
102 |a RU 
105 |a y j 001zy 
200 1 |a Проблемы содержания обучения языку в языковом вузе  |f Б. А. Лапидус 
210 |a Москва  |c Высшая школа  |d 1986 
215 |a 144 с. 
225 1 |a Библиотека преподавателя 
320 |a Библиогр.: с. 141-144 
606 1 |a Иностранные языки  |x Изучение  |2 stltpush  |3 (RuTPU)RU\TPU\subj\12663  |9 39410 
610 1 |a язык 
610 1 |a языковые вузы 
610 1 |a обучение 
610 1 |a лексика 
610 1 |a грамматика 
610 1 |a словообразование 
610 1 |a письмо 
610 1 |a учебные пособия 
686 |a Ш12-9  |v LBC/SL-A  |2 rubbk 
700 1 |a Лапидус  |b Б. А.  |g Борис Аронович 
801 1 |a RU  |b 63413507  |c 20040414  |g PSBO 
801 2 |a RU  |b 63413507  |c 20160321  |g PSBO 
942 |c BK